000 00505nam a22001817a 4500
003 OSt
005 20230328043614.0
008 181004b ||||| |||| 00| 0 eng d
020 _a9780373820818
040 _aMMU
_beng
_cMMU
_dMMU
050 _aFIC PS 3640.S53 2007
100 _aShaw Chantelle
245 _aThe greek tycoons virgin mistress/
_cChantelle Shaw.
260 _aToronto :
_bHarlequin,
_c2007.
300 _a184 p. :
650 _athe greek tycoons virgin mistress
942 _2lcc
_cLOAN LOAN
999 _c30978
_d30977